Epidemiología psiquiátrica / (Record no. 47262)

MARC details
000 -LEADER
campo de control de longitud fija 01036nam a2200253 i 4500
001 - NÚMERO DE CONTROL
campo de control 47262
003 - IDENTIFICADOR DE NÚMERO DE CONTROL
campo de control ES-MaACL
005 - FECHA Y HORA DE LA ÚLTIMA TRANSACCIÓN
campo de control 20230906161529.0
007 - CAMPO FIJO DE DESCRIPCIÓN FÍSICA--INFORMACIÓN GENERAL
campo de control de longitud fija t|
008 - DATOS DE LONGITUD FIJA--INFORMACIÓN GENERAL
campo de control de longitud fija 030404s1973 sp ||||1| spa d
100 1# - ENTRADA PRINCIPAL--NOMBRE DE PERSONA
Nombre de persona Cooper, Brian.
9 (RLIN) 40380
245 10 - MENCIÓN DEL TÍTULO
Título Epidemiología psiquiátrica /
Mención de responsabilidad, etc. por Brian Cooper y H.G. Morgan ; prólogo de Michael Shepherd ; traducción Alejandro Tarnopolsky.
260 ## - PUBLICACIÓN, DISTRIBUCIÓN, ETC.
Lugar de publicación, distribución, etc. Madrid :
Nombre del editor, distribuidor, etc. Patronato Nacional de Asistencia Psiquiátrica,
Fecha de publicación, distribución, etc. 1973.
300 ## - DESCRIPCIÓN FÍSICA
Extensión 237 p. :
Otras características físicas il. ;
Dimensiones 24 cm.
490 1# - MENCIÓN DE SERIE
Mención de serie Publicaciones del Patronato Nacional de Asistencia Psiquiátrica. Monografías
650 #4 - PUNTO DE ACCESO ADICIONAL DE MATERIA--TÉRMINO DE MATERIA
Término de materia o nombre geográfico como elemento de entrada Enfermedades mentales-
Subdivisión general Epidemiología.
9 (RLIN) 173392
700 1# - ENTRADA AGREGADA--NOMBRE PERSONAL
Nombre de persona Morgan, H. G.
9 (RLIN) 182131
700 1# - ENTRADA AGREGADA--NOMBRE PERSONAL
Nombre de persona Shepherd, Michael.
9 (RLIN) 106089
700 1# - ENTRADA AGREGADA--NOMBRE PERSONAL
Nombre de persona Tarnopolsky, Alejandro.
9 (RLIN) 109306
710 2# - ENTRADA AGREGADA--NOMBRE DE ENTIDAD CORPORATIVA
Nombre de entidad corporativa o nombre de jurisdicción como elemento de entrada Patronato Nacional de Asistencia Psiquiátrica (España)
9 (RLIN) 6191
830 1# - PUNTO DE ACCESO ADICIONAL DE SERIE-TÍTULO UNIFORME
Título uniforme Publicaciones del Patronato Nacional de Asistencia Psiquiátrica. Monografías
9 (RLIN) 181099
852 ## - LOCALIZACIÓN
Ubicación ES-MaACL
Número de control de estantería E-7526
Holdings
Estatus retirado Estado de pérdida Estado de daño No para préstamo Biblioteca de origen Biblioteca actual Ubicación en estantería Fecha de adquisición Fuente de adquisición Total de préstamos Signatura topográfica completa Código de barras Visto por última vez Precio de reemplazo Tipo de ítem Koha
        Biblioteca del Ateneo de Madrid Biblioteca del Ateneo de Madrid Depósito 2 17/01/2008     E-7526 1049708 23/02/2023 23/02/2023 Libro impreso